Quelle est (était) la taille de ces personnalités 11 - Statistiques

Statistiques générales
  • Ce quiz a été pris 16 fois
  • Le résultat moyen est 3 sur 20
Statistiques - réponses
Hint Réponse % Correct
Mimie Mathy 1,32 m
63%
Marion Game 1,60 m
31%
Laurent Mariotte 1,74 m
31%
Alexandre Brasseur 1,78 m
31%
Fred Testot 1,81 m
31%
Daniel Prévost 1,70 m
19%
Ary Abitan 1,81 m
19%
Jacques Higelin 1,82 m
19%
Quentin Tarantino 1,85 m
19%
Gérard Holtz 1,64 m
13%
Jeremy Irons 1,87 m
13%
Sylvie Vartan 1,68 m
6%
Grace Kelly 1,70 m
6%
Anny Duperey 1,73 m
6%
Francis Perrin 1,74 m
6%
Mathilda May 1,78 m
6%
Yves Duteil 1,87 m
6%
Emir Kusturica 1,91 m
6%
Patrice Laffont 1,76 m
0%
Laurent Gamelon 1,89 m
0%
Aucun quiz correspondant
Distribution des résultats
% des personnes avec chaque résultat
Percentile par nombre de réponses
Votre historique - résultats
Vous n’avez pas pris ce quiz